| 000 | 00000nam##2200000za#4500 |
| 001 | 9.608105 |
| 003 | CaOODSP |
| 005 | 20210624213448 |
| 007 | cr ||||||||||| |
| 008 | 150406|1978||||xxc|||||o f|0| 0 fre|d |
| 040 | |aCaOODSP|bfre |
| 043 | |an-cn--- |
| 086 | 1 |aS52-2/151-1978F-PDF |
| 110 | 1 |aCanada.|bInformation Canada. |bBureau de traduction. |
| 245 | 10|aÉlectrotechnique |h[ressource électronique] |
| 260 | |aOttawa - Ontario : |bInformation Canada. |cc1978. |
| 300 | |a242p. |
| 490 | 1 |aBulletin de terminologie |vn° 151-1978 |
| 500 | |aÉdition numérisée de l'imprimé. [Produit par les Éditions et Services de dépôt, 2014.] Sur la p. de t. : Secrétariat d'État. Bureau des traductions. Texte en anglais et français. « Février 1974 » |
| 504 | |aBibliographie. |
| 590 | |a14-22-Supp|b2014-12-24 |
| 830 | #0|aBulletin de terminologie ;|vn° 151-1978|w(CaOODSP)9.502162 |
| 856 | 40|ahttp://publications.gc.ca|qPDF|s2051 Ko|uhttps://publications.gc.ca/collections/collection_2014/tpsgc-pwgsc/S52-2-151-1978-fra.pdf|yn° 151-1978 |